Junie B. Jones has a peep in her pocket / (Record no. 630)
[ view plain ]
| 000 -LEADER | |
|---|---|
| fixed length control field | 01585cam a2200409 a 4500 |
| 001 - CONTROL NUMBER | |
| control field | 630 |
| 003 - CONTROL NUMBER IDENTIFIER | |
| control field | FISKH |
| 005 - DATE AND TIME OF LATEST TRANSACTION | |
| control field | 20250205153819.0 |
| 008 - FIXED-LENGTH DATA ELEMENTS--GENERAL INFORMATION | |
| fixed length control field | 000313s2000 nyua b 000 1 eng |
| 010 ## - LIBRARY OF CONGRESS CONTROL NUMBER | |
| LC control number | 00029067 |
| 020 ## - INTERNATIONAL STANDARD BOOK NUMBER | |
| International Standard Book Number | 0375800409 |
| 022 ## - INTERNATIONAL STANDARD SERIAL NUMBER | |
| Source | 9780439288798 |
| 040 ## - CATALOGING SOURCE | |
| Original cataloging agency | DLC |
| Transcribing agency | DLC |
| Modifying agency | DLC |
| Language of cataloging | eng |
| 042 ## - AUTHENTICATION CODE | |
| Authentication code | lcac |
| 050 00 - LIBRARY OF CONGRESS CALL NUMBER | |
| Classification number | PZ7.P2197 |
| Item number | Jtwd 2000 |
| 082 00 - DEWEY DECIMAL CLASSIFICATION NUMBER | |
| Classification number | [Fic] |
| Edition number | 21 |
| 100 1# - MAIN ENTRY--PERSONAL NAME | |
| Personal name | Park, Barbara. |
| 245 10 - TITLE STATEMENT | |
| Title | Junie B. Jones has a peep in her pocket / |
| Statement of responsibility, etc. | by Barbara Park ; illustrated by Denise Brunkus. |
| 260 ## - PUBLICATION, DISTRIBUTION, ETC. | |
| Place of publication, distribution, etc. | New York : |
| Name of publisher, distributor, etc. | Scholastic, |
| Date of publication, distribution, etc. | 2000. |
| 300 ## - PHYSICAL DESCRIPTION | |
| Extent | 67 pages : |
| Other physical details | illustrations ; |
| Dimensions | 20 cm. |
| 490 1# - SERIES STATEMENT | |
| Series statement | The Junie B. Jones series ; |
| Volume/sequential designation | #15 |
| 500 ## - GENERAL NOTE | |
| General note | "A Stepping Stone book." |
| 505 ## - FORMATTED CONTENTS NOTE | |
| Formatted contents note | L |
| 520 ## - SUMMARY, ETC. | |
| Summary, etc. | When Junie B. learns that her kindergarten class is going on a field trip to a farm, she worries about being attacked by a rooster. |
| 521 8# - TARGET AUDIENCE NOTE | |
| Target audience note | 560 <br/> |
| Source | Lexile |
| 521 8# - TARGET AUDIENCE NOTE | |
| Target audience note | L <br/> |
| Source | Raz-Plus |
| 650 #1 - SUBJECT ADDED ENTRY--TOPICAL TERM | |
| Topical term or geographic name entry element | School field trips |
| Form subdivision | Fiction. |
| 650 #1 - SUBJECT ADDED ENTRY--TOPICAL TERM | |
| Topical term or geographic name entry element | Farms |
| Form subdivision | Fiction. |
| 650 #1 - SUBJECT ADDED ENTRY--TOPICAL TERM | |
| Topical term or geographic name entry element | Fear |
| Form subdivision | Fiction. |
| 700 1# - ADDED ENTRY--PERSONAL NAME | |
| Personal name | Brunkus, Denise, |
| Relator term | illustrator |
| 800 1# - SERIES ADDED ENTRY--PERSONAL NAME | |
| Personal name | Park, Barbara. |
| Title of a work | Junie B. Jones series ; |
| Volume/sequential designation | #15. |
| 856 42 - ELECTRONIC LOCATION AND ACCESS | |
| Materials specified | Publisher description |
| Uniform Resource Identifier | <a href="http://www.loc.gov/catdir/description/random0414/00029067.html">http://www.loc.gov/catdir/description/random0414/00029067.html</a> |
| 856 42 - ELECTRONIC LOCATION AND ACCESS | |
| Materials specified | Contributor biographical information |
| Uniform Resource Identifier | <a href="http://www.loc.gov/catdir/enhancements/fy1306/00029067-b.html">http://www.loc.gov/catdir/enhancements/fy1306/00029067-b.html</a> |
| 906 ## - LOCAL DATA ELEMENT F, LDF (RLIN) | |
| a | 7 |
| b | cbc |
| c | orignew |
| d | 1 |
| e | ocip |
| f | 20 |
| g | y-gencatlg |
| 942 ## - ADDED ENTRY ELEMENTS (KOHA) | |
| Source of classification or shelving scheme | Dewey Decimal Classification |
| Koha item type | Books |
| Suppress in OPAC | No |
| Withdrawn status | Lost status | Source of classification or shelving scheme | Damaged status | Not for loan | Home library | Current library | Shelving location | Date acquired | Total Checkouts | Full call number | Barcode | Date last seen | Date last checked out | Price effective from | Koha item type | Collection | Total Renewals | Copy number |
|---|---|---|---|---|---|---|---|---|---|---|---|---|---|---|---|---|---|---|
| Dewey Decimal Classification | Footprints International School Library Network Toul Kork Campus | Footprints International School Library Network Toul Kork Campus | TK Primary Library Room(4th Floor), Bookcase 3&4, Shelves 17-32, Yellow Books | 06/27/2023 | 2 | PAR Fic PZ7.P2197 | FISTK00300 | 03/14/2024 | 02/02/2024 | 06/27/2023 | Books | |||||||
| Dewey Decimal Classification | Footprints International School Library Network Toul Tom Poung Campus | Footprints International School Library Network Toul Kork Campus | TTP Primary Yellow Bookshelves | 02/05/2025 | 1 | PAR Fic PZ7.P2197 | 2025-0382 | 12/01/2025 | 11/10/2025 | 02/05/2025 | Books | Juvenile Fiction | 1 | 2 | ||||
| Dewey Decimal Classification | Footprints International School Library Network Toul Tom Poung Campus | Footprints International School Library Network Toul Tom Poung Campus | TTP Primary Yellow Bookshelves | 02/05/2025 | PAR Fic PZ7.P2197 | 2025-0383 | 02/05/2025 | 02/05/2025 | Books | Juvenile Fiction | 3 |
